000 00720nam a2200253Ia 4500
008 160319s9999 xx 000 0 und d
245 _aMagenta comes over /
260 _aHollywood, Calif :
260 _bParamount Pictures.
260 _c2002
300 _avideodisc :
300 _bsound, colored ;
300 _c4 3/4 in.
500 _aOriginally broadcast on Nick Jr. as a segment of Blue's clues.
650 _aChildren's films.
650 _aCreative activities and seat work --
650 _aDogs --
650 _aEducational games --
650 _aFriendship --
650 _xJuvenile fiction.
650 _xJuvenile fiction.
650 _xJuvenile films.
650 _xJuvenile films.
999 _c292705
_d292705